One Word Countries With Two Word Capitals - Statistics

General Stats
  • This quiz has been taken 59 times
    53 since last reset
  • The average score is 9 of 15
Answer Stats
Answer % Correct
India
81%
Mexico
81%
Argentina
79%
Panama
77%
Ethiopia
74%
Guatemala
72%
Malaysia
72%
Bolivia
70%
Kuwait
60%
Cambodia
49%
Grenada
44%
Vanuatu
44%
Mauritius
37%
Benin
35%
Kiribati
26%
No matching quizzes found
Score Distribution
Percent of People with Each Score
Percentile by Number Answered
Your Score History
You have not taken this quiz since the last reset